এক্সপোর্ট সম্পূর্ন হয়েছে — 

 Business management for the personal fitness trainer

Gespeichert in:
Bibliographische Detailangaben
1. Verfasser:  Ware, Charles M
Format: Sách
Sprache:Undetermined
Veröffentlicht:  McGraw-Hill  2013
Schlagworte:
Tags: Tag hinzufügen
Keine Tags, Fügen Sie den ersten Tag hinzu!
Thư viện lưu trữ: Trung tâm Thư viện - Trường Đại học Công nghiệp TP. Hồ Chí Minh
LEADER 00559nam a2200157Ia 4500
001 UIH_05393
008 231011s9999 xx 000 0 und d
082 |a  613.71 
100 |a  Ware, Charles M 
245 0 |a  Business management for the personal fitness trainer 
245 0 |c  Ware, Charles M 
260 |b  McGraw-Hill 
260 |c  2013 
650 |a  Người huấn luyện nhân sự; Trung tâm thể dục thể thao;  
927 |a Sách 
980 |a Trung tâm Thư viện - Trường Đại học Công nghiệp TP. Hồ Chí Minh